000 00536nam a2200181Ia 4500
005 20260120124539.0
008 008 260114s9999 xx 000 0 eng d
020 _a9781783507511
037 _aEBOOK
040 _aCRL
_beng
_cCRL
041 _aeng
_2eng
084 _qCRL
245 0 _aContemporary Perspectives on Organizational Social Networks
260 _bEmerald Publishing
_c2014
856 _uhttps://www.emerald.com/insight/publication/doi/10.1108/S0733-558X(2014)40
942 _cEBOOK
999 _c1499503
_d1499503